000 nam a22 7a 4500
999 _c25172
_d25172
008 170131b xxu||||| |||| 00| 0 eng d
020 _a9780970274403
050 _aQM 33.5 .L48 2000
100 _aLevin, Meryl.
_d2000
245 _aAnatomy of anatomy in images and words/
_cMeryl Levin, Abraham Verghese.
260 _aNew york:
_bThird Rail Press,
_c2000.
300 _a133p.:
_bill.;
_c24cm.
650 _aHuman anatomy:
_xStudy and teaching/
650 _aHuman dissection.
700 _aVerghese, Abraham.
942 _2lcc
_cBOOKS
_hQM 33.5 .L48 2000